000 02304nas0a22004211i 4500
001 RU\NLR\DRGNLR\3463
005 20240725031213.0
035 _a(NLR Aleph) 010312035
090 _a10640528
_c10640528
100 _a20080514b1905 u y0rusy50 ca
101 0 _arus
102 _aRU
110 _acya||||||||
200 1 _aПензенский справочник
_fРед.-изд. Е.П.Гомеров
210 _aПенза
_d1905, 2 авг - [?]
300 _aПерерыв в изд.:1906, 26 июня - 1909, 27 окт
311 _aВ 1916, с 8 по 25 июня, по прекращении изд. газ. выходили "Военные телеграммы Петроградского телеграфного агентства "Пензенский справочник""
540 1 _aПензенский справочник
702 1 _aГомеров
_bЕвл. Пав.
_4340
801 0 _aRU
_bNLR
_c20080514
_gPSBO
_2gzdor_isis
801 2 _aRU
_bNLR
_c20080514
_gPSBO
_2rusmarc
852 _aNLR
_j1-Р/2-251
942 _cNEWSPAPER
980 _aDRG